[Event "Open Praha 2018 - A"]
[Site "?"]
[Date "2018.01.18"]
[Round "8"]
[White "Pena Gomez, Manuel"]
[Black "Akshat, Khamparia"]
[Result "1/2-1/2"]
[BlackElo "2381"]
[WhiteElo "2491"]
[LiveChessVersion "1.4.8"]

1. g3 {[%clk 1:24:38]} Nf6 {[%clk 1:30:51]} 2. Bg2 {[%clk 1:25:22]} g6
{[%clk 1:30:51]} 3. c4 {[%clk 1:25:22]} Bg7 {[%clk 1:31:16]} 4. Nc3
{[%clk 1:25:48]} O-O 5. e4 d6 {[%clk 1:28:47]} 6. Nge2 {[%clk 1:26:25]} c5
{[%clk 1:27:36]} 7. O-O {[%clk 1:19:06]} Nc6 {[%clk 1:27:54]} 8. d3
{[%clk 1:19:26]} Bd7 {[%clk 1:25:37]} 9. h3 {[%clk 1:18:20]} Qc8 {[%clk 1:25:26]}
10. Kh2 Ne8 {[%clk 1:13:27]} 11. Be3 {[%clk 1:16:33]} Nc7 {[%clk 1:13:16]} 12. d4
b6 13. f4 {[%clk 0:55:49]} Re8 {[%clk 0:43:55]} 14. Rc1 {[%clk 0:51:10]} Rb8
{[%clk 0:38:31]} 15. b3 e5 {[%clk 0:23:14]} 16. fxe5 {[%clk 0:47:43]} cxd4
{[%clk 0:19:22]} 17. Nxd4 {[%clk 0:47:14]} Nxd4 {[%clk 0:17:46]} 18. Qxd4 Bxe5
{[%clk 0:09:53]} 19. Qd2 {[%clk 0:46:11]} Qd8 {[%clk 0:09:58]} 20. Bg5
{[%clk 0:42:44]} f6 {[%clk 0:09:58]} 21. Bf4 {[%clk 0:43:05]} Qe7
{[%clk 0:09:05]} 22. Rcd1 {[%clk 0:39:42]} Rbd8 {[%clk 0:09:09]} 23. Nd5
{[%clk 0:34:34]} Nxd5 {[%clk 0:09:33]} 24. Qxd5+ {[%clk 0:35:01]} Be6
{[%clk 0:09:33]} 25. Qd2 {[%clk 0:35:08]} g5 {[%clk 0:08:23]} 26. Be3
{[%clk 0:26:28]} h5 {[%clk 0:08:27]} 27. Bf2 {[%clk 0:25:19]} h4 {[%clk 0:08:22]}
28. Qd3 {[%clk 0:24:39]} Kg7 {[%clk 0:07:59]} 29. Kg1 {[%clk 0:24:59]} hxg3
{[%clk 0:08:06]} 30. Bxg3 {[%clk 0:25:24]} Rh8 {[%clk 0:08:23]} 31. Qe3
{[%clk 0:21:08]} Rh6 {[%clk 0:06:30]} 32. Rd3 {[%clk 0:17:13]} Rdh8
{[%clk 0:06:04]} 33. Rf3 {[%clk 0:10:23]} Kg6 {[%clk 0:05:46]} 34. Qf2
{[%clk 0:09:31]} g4 {[%clk 0:04:04]} 35. hxg4 {[%clk 0:09:42]} Qh7
{[%clk 0:03:55]} 36. Kf1 {[%clk 0:09:46]} Bxg4 {[%clk 0:03:36]} 37. Bxe5
{[%clk 0:08:31]} Rh1+ {[%clk 0:03:50]} 38. Bxh1 {[%clk 0:04:24]} Qxh1+
{[%clk 0:04:11]} 39. Qg1 {[%clk 0:04:52]} Qxg1+ {[%clk 0:02:33]} 40. Kxg1
{[%clk 0:05:21]} Bxf3 {[%clk 0:02:00]} 41. Bxf6 {[%clk 0:02:30]} Bxe4
{[%clk 0:24:41]} 42. Rxd6 {[%clk 0:32:48]} Rh1+ {[%clk 0:24:51]} 43. Kf2
{[%clk 0:33:16]} Kf5 {[%clk 0:24:59]} 44. Bd4 {[%clk 0:33:06]} Rh2+
{[%clk 0:22:36]} 45. Ke3 {[%clk 0:32:44]} Rh3+ {[%clk 0:22:58]} 46. Ke2
{[%clk 0:30:10]} Bb1 {[%clk 0:21:16]} 47. Rd7 {[%clk 0:25:02]} Bxa2
{[%clk 0:20:26]} 48. Rxa7 {[%clk 0:25:26]} Bxb3 {[%clk 0:20:51]} 49. Rc7
{[%clk 0:25:52]} Rh2+ {[%clk 0:14:03]} 50. Kd3 {[%clk 0:26:20]} Rc2
{[%clk 0:14:15]} 51. Bc3 {[%clk 0:26:08]} Rg2 {[%clk 0:14:15]} 52. Rf7+
{[%clk 0:22:47]} Ke6 {[%clk 0:14:23]} 53. Rf3 {[%clk 0:21:38]} Kd7
{[%clk 0:14:04]} 54. Bd4 {[%clk 0:20:54]} Rg6 {[%clk 0:12:12]} 55. Kc3
{[%clk 0:20:28]} Bd1 {[%clk 0:04:48]} 56. Rd3 {[%clk 0:20:09]} Be2
{[%clk 0:05:02]} 57. Rd2 {[%clk 0:20:32]} Bf1 {[%clk 0:05:30]} 58. Bxb6+
{[%clk 0:17:32]} Kc6 {[%clk 0:05:59]} 59. Bd4 {[%clk 0:16:59]} Rg3+
{[%clk 0:06:04]} 60. Kb4 {[%clk 0:17:24]} Rd3 {[%clk 0:06:09]} 61. Rf2
{[%clk 0:17:52]} Rxd4 {[%clk 0:06:24]} 62. Rxf1 {[%clk 0:17:56]} Rd6
{[%clk 0:05:56]} 63. Ra1 {[%clk 0:18:24]} Kb7 {[%clk 0:05:44]} 64. Kc5
{[%clk 0:18:11]} Rh6 {[%clk 0:05:43]} 65. Rg1 {[%clk 0:15:56]} Rh5+
{[%clk 0:05:50]} 66. Kb4 {[%clk 0:16:23]} Kb6 {[%clk 0:05:57]} 67. Rg6+
{[%clk 0:16:46]} Kc7 {[%clk 0:06:11]} 68. Rf6 {[%clk 0:15:03]} Rg5
{[%clk 0:06:31]} 69. Rh6 {[%clk 0:15:28]} Rf5 {[%clk 0:06:47]} 70. Ra6
{[%clk 0:14:01]} Rh5 {[%clk 0:07:09]} 71. Ra7+ {[%clk 0:14:20]} Kb6
{[%clk 0:07:22]} 72. Ra8 {[%clk 0:14:15]} Rg5 {[%clk 0:07:38]} 73. Rb8+
{[%clk 0:14:16]} Kc6 {[%clk 0:07:28]} 74. Rd8 {[%clk 0:13:59]} Rh5
{[%clk 0:07:45]} 75. Rg8 {[%clk 0:13:38]} Kb6 {[%clk 0:07:59]} 76. Rg4
{[%clk 0:13:56]} Kc6 {[%clk 0:08:13]} 77. c5 {[%clk 0:14:17]} Rh6
{[%clk 0:08:11]} 78. Kc4 {[%clk 0:14:21]} Rf6 {[%clk 0:07:44]} 79. Kd4
{[%clk 0:14:43]} Rh6 {[%clk 0:07:45]} 80. Rf4 {[%clk 0:14:59]} Re6
{[%clk 0:07:05]} 81. Rf8 {[%clk 0:15:17]} Rh6 {[%clk 0:07:15]} 82. Rc8+
{[%clk 0:15:41]} Kb7 {[%clk 0:07:14]} 83. Rd8 {[%clk 0:15:23]} Kc6
{[%clk 0:07:31]} 84. Rc8+ {[%clk 0:14:45]} Kb7 {[%clk 0:07:56]} 85. Re8
{[%clk 0:15:07]} Kc6 {[%clk 0:08:16]} 86. Re4 {[%clk 0:15:32]} Rf6
{[%clk 0:08:00]} 87. Rg4 {[%clk 0:15:50]} 1/2-1/2

[Event "Open Praha 2018 - A"]
[Site "?"]
[Date "2018.01.18"]
[Round "8"]
[White "Jurcik, Marian"]
[Black "Mihajlov, Sebastian"]
[Result "1-0"]
[BlackElo "2371"]
[WhiteElo "2460"]
[LiveChessVersion "1.4.8"]

1. e4 {[%clk 1:30:51]} c6 {[%clk 1:17:46]} 2. d4 {[%clk 1:30:23]} d5
{[%clk 1:18:09]} 3. exd5 {[%clk 1:30:34]} cxd5 {[%clk 1:18:28]} 4. Bd3
{[%clk 1:30:57]} Nc6 {[%clk 1:18:48]} 5. c3 {[%clk 1:31:21]} Nf6 {[%clk 1:19:09]}
6. h3 {[%clk 1:26:09]} g6 {[%clk 1:11:44]} 7. Bf4 {[%clk 1:26:22]} Bg7
{[%clk 1:12:09]} 8. Nf3 {[%clk 1:26:27]} O-O {[%clk 1:12:31]} 9. O-O
{[%clk 1:26:33]} Bf5 {[%clk 1:12:00]} 10. Be2 {[%clk 1:26:34]} h6
{[%clk 1:07:11]} 11. Nbd2 {[%clk 1:22:15]} g5 {[%clk 1:05:34]} 12. Bh2
{[%clk 1:22:09]} e6 {[%clk 1:05:58]} 13. Ne5 {[%clk 1:09:28]} Nd7
{[%clk 0:58:07]} 14. Nxd7 {[%clk 0:59:52]} Qxd7 {[%clk 0:57:59]} 15. f4
{[%clk 1:00:18]} f6 {[%clk 0:49:23]} 16. Nb3 {[%clk 0:46:02]} b6 {[%clk 0:49:35]}
17. Bd3 {[%clk 0:44:48]} Ne7 {[%clk 0:40:29]} 18. Qe2 {[%clk 0:44:22]} Bxd3
{[%clk 0:40:36]} 19. Qxd3 {[%clk 0:44:31]} Nf5 {[%clk 0:41:00]} 20. Rae1
{[%clk 0:43:28]} Rae8 {[%clk 0:41:05]} 21. Nd2 {[%clk 0:41:24]} Re7
{[%clk 0:31:22]} 22. g4 {[%clk 0:30:09]} Nd6 {[%clk 0:30:24]} 23. f5
{[%clk 0:29:23]} exf5 {[%clk 0:29:08]} 24. Bxd6 {[%clk 0:22:56]} Qxd6
{[%clk 0:28:58]} 25. Rxe7 {[%clk 0:23:11]} Qxe7 {[%clk 0:29:27]} 26. Rxf5
{[%clk 0:22:28]} Qe1+ {[%clk 0:25:07]} 27. Nf1 {[%clk 0:20:31]} Qa1
{[%clk 0:25:35]} 28. Qb5 {[%clk 0:17:59]} Qxa2 {[%clk 0:26:03]} 29. Qxd5+
{[%clk 0:17:39]} Qxd5 {[%clk 0:26:27]} 30. Rxd5 {[%clk 0:18:04]} Rf7
{[%clk 0:24:48]} 31. Ne3 {[%clk 0:17:20]} Kh7 {[%clk 0:25:16]} 32. Nf5
{[%clk 0:16:23]} Kg6 {[%clk 0:25:35]} 33. Rd8 {[%clk 0:15:47]} h5
{[%clk 0:25:16]} 34. Kg2 {[%clk 0:14:04]} hxg4 {[%clk 0:25:41]} 35. hxg4
{[%clk 0:14:31]} Rc7 {[%clk 0:25:19]} 36. Rg8 {[%clk 0:04:32]} Kh7
{[%clk 0:25:40]} 37. Rxg7+ {[%clk 0:03:55]} Rxg7 {[%clk 0:25:39]} 38. Nxg7
{[%clk 0:04:24]} Kxg7 {[%clk 0:26:01]} 39. Kf3 {[%clk 0:04:51]} Kg6
{[%clk 0:25:14]} 40. Ke4 {[%clk 0:05:10]} 1-0

[Event "Open Praha 2018 - A"]
[Site "?"]
[Date "2018.01.18"]
[Round "8"]
[White "Schippers, Maurice"]
[Black "Kiriakov, Petr"]
[Result "1/2-1/2"]
[BlackElo "2528"]
[WhiteElo "2309"]
[LiveChessVersion "1.4.8"]

1. e4 {[%clk 1:30:57]} e6 {[%clk 1:30:55]} 2. d4 {[%clk 1:31:17]} d5
{[%clk 1:31:22]} 3. Nd2 {[%clk 1:31:42]} a6 {[%clk 1:31:46]} 4. Ngf3
{[%clk 1:31:35]} c5 {[%clk 1:32:09]} 5. dxc5 {[%clk 1:31:20]} Bxc5
{[%clk 1:32:35]} 6. Bd3 {[%clk 1:31:11]} Nc6 {[%clk 1:32:33]} 7. O-O
{[%clk 1:30:39]} Nf6 {[%clk 1:31:11]} 8. a3 {[%clk 1:27:35]} Ba7 {[%clk 1:16:55]}
9. b4 {[%clk 1:24:37]} O-O {[%clk 1:15:03]} 10. Bb2 {[%clk 1:23:40]} b5
{[%clk 1:08:28]} 11. Qe2 {[%clk 1:20:29]} dxe4 {[%clk 0:48:44]} 12. Nxe4
{[%clk 1:19:49]} Nd5 {[%clk 0:49:00]} 13. Neg5 {[%clk 0:53:21]} h6
{[%clk 0:43:23]} 14. Nh3 {[%clk 0:46:43]} Nce7 {[%clk 0:30:24]} 15. Rad1
{[%clk 0:43:19]} Bb8 {[%clk 0:27:33]} 16. Qe4 {[%clk 0:39:47]} Ng6
{[%clk 0:24:42]} 17. c4 {[%clk 0:34:33]} bxc4 {[%clk 0:24:53]} 18. Bxc4
{[%clk 0:34:27]} Bb7 {[%clk 0:21:02]} 19. Rfe1 {[%clk 0:27:27]} Qb6
{[%clk 0:18:27]} 20. Qg4 {[%clk 0:25:31]} Qc7 {[%clk 0:08:11]} 21. g3
{[%clk 0:15:43]} Ndf4 {[%clk 0:04:14]} 22. Nxf4 {[%clk 0:12:15]} Qxc4
{[%clk 0:04:36]} 23. Rd7 {[%clk 0:11:40]} Bxf3 {[%clk 0:02:49]} 24. Qxg6
{[%clk 0:03:24]} e5 {[%clk 0:03:07]} 25. Qd3 {[%clk 0:02:57]} Qxd3
{[%clk 0:03:14]} 26. Nxd3 {[%clk 0:02:54]} f6 {[%clk 0:02:01]} 27. Nc5
{[%clk 0:02:30]} Bc6 {[%clk 0:02:17]} 28. Rd2 {[%clk 0:01:40]} a5
{[%clk 0:02:17]} 29. Bc3 {[%clk 0:01:38]} axb4 {[%clk 0:02:43]} 30. Bxb4
{[%clk 0:02:03]} Ba7 {[%clk 0:02:53]} 31. Ne6 {[%clk 0:01:40]} Rfc8
{[%clk 0:02:58]} 32. h3 {[%clk 0:01:30]} Kf7 {[%clk 0:02:47]} 33. Rd6
{[%clk 0:01:30]} Ba4 {[%clk 0:02:51]} 34. g4 {[%clk 0:00:51]} Bb3
{[%clk 0:02:18]} 35. Nf4 {[%clk 0:01:03]} Rd8 {[%clk 0:01:51]} 36. Ng2
{[%clk 0:00:44]} Rxd6 {[%clk 0:01:55]} 37. Bxd6 {[%clk 0:01:13]} Rd8
{[%clk 0:01:55]} 38. Bb4 {[%clk 0:01:07]} g6 {[%clk 0:01:30]} 39. Ne3
{[%clk 0:01:18]} Rd3 {[%clk 0:01:44]} 40. Kf1 {[%clk 0:00:36]} Ba4
{[%clk 0:00:52]} 41. Rc1 {[%clk 0:24:55]} Bb5 {[%clk 0:27:20]} 42. Kg2
{[%clk 0:24:35]} Rd7 {[%clk 0:26:07]} 43. Rc8 {[%clk 0:23:25]} Ba6
{[%clk 0:21:20]} 44. Rf8+ {[%clk 0:23:31]} Kg7 {[%clk 0:21:44]} 45. Re8
{[%clk 0:23:31]} Bd4 {[%clk 0:18:19]} 46. Kg3 {[%clk 0:21:24]} Bd3
{[%clk 0:18:24]} 47. Rc8 {[%clk 0:18:22]} f5 {[%clk 0:17:02]} 48. gxf5
{[%clk 0:18:11]} gxf5 {[%clk 0:17:28]} 49. Kg2 {[%clk 0:15:33]} Kh7
{[%clk 0:09:40]} 50. Rf8 {[%clk 0:09:02]} Kg6 {[%clk 0:09:57]} 51. Rg8+
{[%clk 0:08:53]} Rg7 {[%clk 0:08:51]} 52. Rf8 {[%clk 0:07:02]} f4
{[%clk 0:08:09]} 53. Ng4 {[%clk 0:06:06]} h5 {[%clk 0:07:49]} 54. Nf6
{[%clk 0:05:14]} e4 {[%clk 0:05:09]} 55. Nd5 {[%clk 0:01:52]} f3+
{[%clk 0:03:21]} 56. Kh1 {[%clk 0:01:10]} Bf1 {[%clk 0:02:46]} 57. Nf4+
{[%clk 0:01:15]} Kh7 {[%clk 0:03:04]} 58. Ne6 {[%clk 0:01:04]} Bg2+
{[%clk 0:01:54]} 59. Kg1 {[%clk 0:01:34]} e3 {[%clk 0:01:45]} 60. Be1
{[%clk 0:00:51]} exf2+ {[%clk 0:00:51]} 61. Bxf2 {[%clk 0:01:18]} Bxf2+
{[%clk 0:00:49]} 62. Kxf2 {[%clk 0:01:47]} Ra7 {[%clk 0:01:07]} 63. Ng5+
{[%clk 0:00:57]} Kg7 {[%clk 0:01:25]} 64. Rf4 {[%clk 0:01:05]} Rxa3
{[%clk 0:01:48]} 65. h4 {[%clk 0:00:47]} Ra2+ {[%clk 0:01:51]} 66. Kg3
{[%clk 0:01:05]} Bh1 {[%clk 0:01:33]} 67. Nxf3 {[%clk 0:01:09]} Ra3
{[%clk 0:01:52]} 68. Rf5 {[%clk 0:01:29]} Rxf3+ {[%clk 0:02:18]} 69. Rxf3
{[%clk 0:01:54]} Bxf3 {[%clk 0:02:46]} 70. Kxf3 1/2-1/2

[Event "Open Praha 2018 - A"]
[Site "?"]
[Date "2018.01.18"]
[Round "8"]
[White "Mishuchkov, Nikolai"]
[Black "Chernyshov, Konstantin"]
[Result "1/2-1/2"]
[BlackElo "2480"]
[WhiteElo "2303"]
[LiveChessVersion "1.4.8"]

1. Nf3 Nf6 2. d4 e6 3. e3 b6 4. Bd3 Bb7 5. O-O d5 6. c4 Bd6 7. cxd5 exd5 8. b4
O-O 9. Qb3 Nc6 10. a3 a5 11. b5 Ne7 12. a4 Bc8 13. Nc3 Bf5 14. Bxf5 Nxf5 15. Ba3
Re8 16. Bxd6 Qxd6 17. Ne5 h5 18. Rfd1 g6 19. h3 Kg7 20. Ne2 h4 21. Rac1 Ne7 22.
Nc6 Nf5 23. Ne5 Ne7 24. Nc6 Nf5 25. Ne5 1/2-1/2

[Event "Open Praha 2018 - A"]
[Site "?"]
[Date "2018.01.18"]
[Round "8"]
[White "Solozhenkin, Evgeniy"]
[Black "Hainke, Guntram"]
[Result "0-1"]
[BlackElo "2283"]
[WhiteElo "2451"]
[LiveChessVersion "1.4.8"]

1. e4 {[%clk 1:30:56]} Nf6 {[%clk 1:30:39]} 2. e5 {[%clk 1:31:15]} Nd5
{[%clk 1:30:57]} 3. d4 {[%clk 1:31:39]} d6 {[%clk 1:31:14]} 4. c4
{[%clk 1:31:45]} Nb6 {[%clk 1:31:35]} 5. exd6 {[%clk 1:32:12]} exd6
{[%clk 1:31:54]} 6. Nc3 {[%clk 1:32:02]} Be7 {[%clk 1:32:00]} 7. Nf3
{[%clk 1:28:51]} Bg4 {[%clk 1:31:03]} 8. Be3 {[%clk 1:25:55]} Nc6
{[%clk 1:29:12]} 9. h3 {[%clk 1:17:03]} Bh5 {[%clk 1:27:50]} 10. b3
{[%clk 1:11:36]} O-O {[%clk 1:26:56]} 11. Be2 {[%clk 1:12:04]} Re8
{[%clk 1:23:02]} 12. Qd2 {[%clk 1:00:44]} d5 {[%clk 1:13:59]} 13. c5
{[%clk 1:01:01]} Nc8 {[%clk 1:14:22]} 14. O-O {[%clk 0:59:19]} Bf6
{[%clk 1:05:11]} 15. Rad1 h6 {[%clk 1:00:27]} 16. Ne5 {[%clk 0:36:45]} Bxe2
{[%clk 0:59:27]} 17. Nxc6 {[%clk 0:37:11]} bxc6 {[%clk 0:59:45]} 18. Nxe2
{[%clk 0:35:11]} Ne7 {[%clk 0:52:42]} 19. Ng3 {[%clk 0:35:31]} Qd7
{[%clk 0:49:28]} 20. Rfe1 {[%clk 0:30:56]} Ng6 {[%clk 0:47:39]} 21. Nh5
{[%clk 0:25:50]} Qf5 {[%clk 0:46:31]} 22. Ng3 {[%clk 0:25:48]} Qd7
{[%clk 0:46:48]} 23. Nh5 {[%clk 0:25:53]} Qf5 {[%clk 0:47:13]} 24. Qe2
{[%clk 0:25:55]} Bh4 {[%clk 0:39:53]} 25. Qg4 {[%clk 0:17:52]} Qxg4
{[%clk 0:37:45]} 26. hxg4 {[%clk 0:18:18]} Re4 {[%clk 0:37:12]} 27. g3
{[%clk 0:14:28]} Bd8 {[%clk 0:35:55]} 28. f3 {[%clk 0:14:14]} Re8
{[%clk 0:35:36]} 29. Bd2 {[%clk 0:10:59]} Be7 {[%clk 0:28:49]} 30. f4
{[%clk 0:09:11]} Nf8 {[%clk 0:28:42]} 31. f5 {[%clk 0:09:20]} Nd7
{[%clk 0:28:34]} 32. Ba5 {[%clk 0:06:55]} Nf6 {[%clk 0:27:58]} 33. Bxc7
{[%clk 0:06:21]} Nxg4 {[%clk 0:27:17]} 34. Kg2 {[%clk 0:04:40]} Bg5
{[%clk 0:26:23]} 35. Kf3 {[%clk 0:04:52]} Ne3 {[%clk 0:25:21]} 36. Rd3
{[%clk 0:03:23]} Nxf5 {[%clk 0:25:32]} 37. Re5 {[%clk 0:01:33]} g6
{[%clk 0:24:08]} 38. Rxf5 {[%clk 0:01:06]} gxf5 {[%clk 0:24:16]} 39. b4
{[%clk 0:01:22]} Kh7 {[%clk 0:23:04]} 40. Ra3 {[%clk 0:00:55]} a6
{[%clk 0:22:49]} 41. Ra5 {[%clk 0:30:02]} Re4 {[%clk 0:52:16]} 42. a4
{[%clk 0:29:51]} Rxd4 {[%clk 0:40:59]} 43. b5 {[%clk 0:29:59]} Bd2
{[%clk 0:40:57]} 44. b6 {[%clk 0:18:05]} Bxa5 {[%clk 0:40:43]} 45. b7
{[%clk 0:18:31]} Rh8 {[%clk 0:40:36]} 46. Bxa5 {[%clk 0:16:40]} Rb8
{[%clk 0:35:28]} 47. Nf6+ {[%clk 0:15:47]} Kg6 {[%clk 0:35:37]} 48. Nd7
{[%clk 0:16:12]} Rxb7 {[%clk 0:35:32]} 49. Ne5+ {[%clk 0:16:28]} Kf6
{[%clk 0:33:26]} 50. Nxc6 {[%clk 0:16:55]} Rb3+ {[%clk 0:33:40]} 51. Kf2
{[%clk 0:17:20]} Rxa4 {[%clk 0:33:16]} 0-1

[Event "Open Praha 2018 - A"]
[Site "?"]
[Date "2018.01.18"]
[Round "8"]
[White "Low, Zhen Yu Cyrus"]
[Black "Tuma, Jiri"]
[Result "1/2-1/2"]
[BlackElo "2272"]
[WhiteElo "2437"]
[LiveChessVersion "1.4.8"]

1. e4 {[%clk 1:30:56]} c5 {[%clk 1:23:57]} 2. Nf3 {[%clk 1:31:19]} e6
{[%clk 1:23:50]} 3. d4 {[%clk 1:31:44]} cxd4 {[%clk 1:24:10]} 4. Nxd4
{[%clk 1:32:10]} Nf6 {[%clk 1:24:13]} 5. Nc3 {[%clk 1:32:33]} d6 {[%clk 1:24:03]}
6. Be3 {[%clk 1:32:49]} a6 {[%clk 1:23:38]} 7. Be2 {[%clk 1:33:14]} Qc7
{[%clk 1:22:17]} 8. g4 {[%clk 1:33:24]} d5 {[%clk 1:19:49]} 9. exd5
{[%clk 1:33:30]} Bb4 {[%clk 1:19:04]} 10. dxe6 {[%clk 1:33:53]} Bxc3+
{[%clk 1:18:59]} 11. bxc3 {[%clk 1:34:17]} Qxc3+ {[%clk 1:19:06]} 12. Kf1
{[%clk 1:34:43]} fxe6 {[%clk 1:17:55]} 13. Rg1 {[%clk 1:35:07]} O-O
{[%clk 1:13:56]} 14. Rg3 {[%clk 1:34:39]} Nc6 {[%clk 1:12:30]} 15. Nb3
{[%clk 1:20:23]} Qe5 {[%clk 0:53:08]} 16. Kg1 {[%clk 1:17:57]} Nd5
{[%clk 0:30:44]} 17. Bf1 {[%clk 1:15:24]} Nxe3 {[%clk 0:29:26]} 18. Rxe3
{[%clk 1:15:50]} Qf4 {[%clk 0:22:50]} 19. Qe2 {[%clk 1:14:28]} e5
{[%clk 0:23:02]} 20. Re4 {[%clk 1:01:53]} Qf6 {[%clk 0:22:24]} 21. Rd1
{[%clk 1:01:19]} Kh8 {[%clk 0:09:13]} 22. Bg2 {[%clk 0:53:43]} a5
{[%clk 0:08:08]} 23. f4 {[%clk 0:39:00]} exf4 {[%clk 0:07:06]} 24. Re8
{[%clk 0:39:29]} Bxg4 {[%clk 0:05:08]} 25. Rxf8+ {[%clk 0:39:31]} Rxf8
{[%clk 0:05:25]} 26. Qxg4 {[%clk 0:39:54]} f3 {[%clk 0:05:06]} 27. Bf1
{[%clk 0:33:40]} Ne5 {[%clk 0:03:33]} 28. Qg3 {[%clk 0:30:33]} f2+
{[%clk 0:00:41]} 29. Kh1 {[%clk 0:31:02]} Qc6+ {[%clk 0:00:48]} 30. Qg2
{[%clk 0:31:27]} Qxc2 {[%clk 0:00:59]} 31. Rd2 {[%clk 0:29:48]} Qf5
{[%clk 0:01:21]} 32. Nc5 {[%clk 0:26:35]} h5 {[%clk 0:00:52]} 33. Rd5
{[%clk 0:24:41]} Qf6 {[%clk 0:00:42]} 34. Qe4 {[%clk 0:23:08]} Qg5
{[%clk 0:00:39]} 35. Qg2 {[%clk 0:23:18]} Qf6 {[%clk 0:00:35]} 36. Rxe5
{[%clk 0:21:41]} Qxe5 {[%clk 0:00:54]} 37. Nd7 {[%clk 0:22:10]} Qf5
{[%clk 0:00:55]} 38. Nxf8 {[%clk 0:22:35]} Qxf8 {[%clk 0:01:18]} 39. Qxb7
{[%clk 0:23:00]} Qf5 {[%clk 0:00:35]} 40. h3 {[%clk 0:18:03]} g6 {[%clk 0:00:34]}
41. Qb2+ {[%clk 0:17:02]} Kh7 {[%clk 0:26:00]} 42. Kg2 {[%clk 0:46:56]} Qe4+
{[%clk 0:10:33]} 43. Kxf2 {[%clk 0:47:00]} Qf4+ {[%clk 0:09:27]} 44. Kg1
{[%clk 0:47:12]} Qg3+ {[%clk 0:08:34]} 45. Qg2 {[%clk 0:47:11]} Qe5
{[%clk 0:08:26]} 46. Kh1 {[%clk 0:46:43]} h4 {[%clk 0:02:53]} 47. Qf3
{[%clk 0:39:56]} Kg7 {[%clk 0:00:53]} 48. a3 {[%clk 0:40:23]} Kh7
{[%clk 0:00:33]} 49. Kg2 {[%clk 0:40:36]} Kg7 {[%clk 0:00:49]} 50. Be2
{[%clk 0:40:47]} Kh7 {[%clk 0:00:36]} 51. Kf2 {[%clk 0:41:11]} Qh2+
{[%clk 0:00:36]} 52. Ke1 {[%clk 0:41:32]} Qe5 {[%clk 0:00:42]} 53. Qd3
{[%clk 0:40:43]} Qa1+ {[%clk 0:00:48]} 54. Kd2 {[%clk 0:40:34]} Qb2+
{[%clk 0:01:08]} 55. Ke3 {[%clk 0:40:55]} Qe5+ {[%clk 0:01:03]} 56. Kf3
{[%clk 0:41:08]} Qg3+ {[%clk 0:01:05]} 57. Ke4 {[%clk 0:41:31]} Qg5
{[%clk 0:01:01]} 58. Kd4 {[%clk 0:41:52]} Qc1 {[%clk 0:00:49]} 59. Bd1
{[%clk 0:42:03]} Qc7 {[%clk 0:00:37]} 60. Bc2 {[%clk 0:42:25]} Qb6+
{[%clk 0:00:35]} 61. Kc4 {[%clk 0:42:05]} Kh6 {[%clk 0:00:36]} 62. Qxg6+
{[%clk 0:41:13]} Qxg6 {[%clk 0:01:00]} 63. Bxg6 {[%clk 0:41:39]} Kxg6
{[%clk 0:01:22]} 64. Kb5 {[%clk 0:42:07]} Kg5 {[%clk 0:01:42]} 65. Kxa5
{[%clk 0:42:33]} Kf4 {[%clk 0:02:03]} 66. Kb5 {[%clk 0:42:56]} Kg3
{[%clk 0:02:28]} 67. a4 {[%clk 0:43:24]} Kxh3 {[%clk 0:02:49]} 68. a5
{[%clk 0:43:51]} Kg2 {[%clk 0:02:42]} 69. a6 {[%clk 0:44:18]} h3 {[%clk 0:03:04]}
70. a7 {[%clk 0:44:46]} h2 {[%clk 0:03:28]} 71. a8=Q+ 1/2-1/2